Alles mit H (mit Hinweisen) - Statistiken

Allgemein
  • Dieses Quiz wurde 222 mal gespielt
  • Das Durchschnittsergebnis liegt bei 56 aus 100
Antwortstatistiken
Kategorie Hinweis Antwort % Korrekt
Pflanzen & Tiere Raubfisch Hai
97%
Länder Nordamerika Honduras
96%
Hauptstädte Finnland Helsinki
93%
Pflanzen & Tiere Säugetier mit langen Ohren Hase
92%
Pflanzen & Tiere Bester Freund des Menschen Hund
92%
Länder Nordamerika Haiti
91%
Pflanzen & Tiere Schwarz-gelbes Insekt Hornisse / Hummel
91%
Pflanzen & Tiere Nagetier (Haustier) Hamster
89%
Weitere Städte Stadtstaat in Deutschland Hamburg
87%
Essen & Trinken Obst (endet auf -beere) Heidelbeere / Himbeere
87%
Pflanzen & Tiere Paarhufer (mit Geweih) Hirsch
87%
Essen & Trinken Backzutat Hefe
86%
Sonstiges Betreut Schwangere Hebamme
85%
Berühmte Personen 6. Bundeskanzler H{elmut} K{ohl}
85%
Essen & Trinken Dt. Süßigkeitenhersteller Haribo
84%
Berühmte Personen Germany's Next Topmodel H{eidi} K{lum}
84%
Geografisches Allerlei Deutsches Bundesland Hessen
84%
Essen & Trinken Bierzutat Hopfen
84%
Weitere Städte Großstadt in Niedersachsen Hannover
82%
Pflanzen & Tiere Strauch mit Nüssen Haselstrauch
82%
Geografisches Allerlei Höchstes Gebirge der Welt Himalaya
82%
Berühmte Personen Schlagersängerin H{elene} F{ischer}
81%
Sonstiges Chem. Element (He) Helium
81%
Pflanzen & Tiere Männliches Pferd Hengst
80%
Weitere Städte Jap. Stadt (Atombombe) Hiroshima
80%
Pflanzen & Tiere Tier auf dem Bauernhof Hahn / Huhn / Henne
79%
Hauptstädte Vietnam Hanoi
79%
Pflanzen & Tiere Cannabispflanze Hanf
78%
Hauptstädte Kuba Havanna
78%
Weitere Städte …wir haben ein Problem Houston
78%
Berühmte Personen Fiktiver Zauberer H{arry} P{otter}
77%
Sonstiges Bekleidungsgeschäft H&M
77%
Berühmte Personen 5. Bundeskanzler H{elmut} S{chmidt}
75%
Sonstiges Automarke aus Südkorea Hyundai
75%
Essen & Trinken Würstchen im Brot Hotdog
70%
Berühmte Personen Gründete eine US-Automarke H{enry} F{ord}
69%
Pflanzen & Tiere Grashüpfer Heuschrecke
69%
Berühmte Personen Bewohner von Springfield H{omer} S{impson}
69%
Essen & Trinken Niederländische Biermarke Heineken
68%
Sonstiges Deutscher Baumarkt Hornbach / Hagebau
68%
Sonstiges Paketdienstleister Hermes
67%
Essen & Trinken Körner für Müsli/Porridge Haferflocken
65%
Weitere Städte Großstadt in Sachsen-Anhalt Halle (Saale)
65%
Weitere Städte Großstadt in BaWü Heidelberg
65%
Berühmte Personen US-amerik. Politikerin H{illary} C{linton}
65%
Essen & Trinken Blütensirup Holunder
65%
Pflanzen & Tiere Greifvogel Habicht
63%
Berühmte Personen Filmkomponist H{ans} Z{immer}
62%
Geografisches Allerlei US-Bundesstaat Hawaii
62%
Sonstiges Automarke aus Japan Honda
61%
Sonstiges Kümmert sich ums Haus Hausmeister
60%
Pflanzen & Tiere Krustentier Hummer
60%
Geografisches Allerlei Gebirge in Norddeutschland Harz
58%
Berühmte Personen Deutscher Musiker H{erbert} G{rönemeyer}
57%
Weitere Städte Großstadt in NRW Hamm
54%
Berühmte Personen US-amerik. Schauspieler H{arrison} F{ord}
54%
Weitere Städte Sonderzone in China Hongkong
54%
Geografisches Allerlei Deutsche Insel (Nordsee) Helgoland
53%
Essen & Trinken Schafsmagen (Schottland) Haggis
50%
Sonstiges Moschee in Istanbul Hagia Sophia
49%
Weitere Städte Großstadt in BaWü Heilbronn
47%
Weitere Städte Großstadt in NRW Herne
47%
Berühmte Personen Dt. Koch und Moderator H{orst} L{ichter}
47%
Essen & Trinken Hersteller von Curryketchup Hela
46%
Geografisches Allerlei Fluss in den USA Hudson
45%
Essen & Trinken Fleischgericht, falscher Hase Hackbraten
44%
Weitere Städte Großstadt in NRW Hagen
43%
Berühmte Personen 33. US-Präsident H{arry} S. T{ruman}
43%
Essen & Trinken Glutenfreie Getreidesorte Hirse
42%
Hauptstädte Simbabwe Harare
37%
Geografisches Allerlei Region in Schottland Highlands
37%
Weitere Städte Hieß früher Saigon Ho-Chi-Minh-Stadt
37%
Berühmte Personen 9. Bundespräsident H{orst} K{öhler}
37%
Essen & Trinken Orangenes Gemüse (Japan) Hokkaidokürbis
36%
Sonstiges Chinesische Technikmarke Huawei
36%
Pflanzen & Tiere Große, farbenfrohe Blüten Hibiskus
34%
Essen & Trinken Obst mit gelber Schale Honigmelone
34%
Geografisches Allerlei Gebirge in RP und Saarland Hunsrück
32%
Essen & Trinken Heißgetränk gegen Erkältung Heiße Zitrone
31%
Geografisches Allerlei Großer See in Nordamerika Huronsee
30%
Sonstiges Staudamm (Colorado-River) Hoover Dam
29%
Sonstiges Deutsche Versicherung HUK Coburg
28%
Essen & Trinken Zypriotischer Käse Halloumi
27%
Sonstiges US-amerik. Fernsehsender HBO
27%
Hauptstädte Salomonen Honiara
25%
Weitere Städte Großstadt in Ägypten Hurghada
25%
Pflanzen & Tiere Zierstrauch Hortensie
22%
Geografisches Allerlei Inselgruppe in Schottland Hebriden
21%
Weitere Städte Stadt in Nova Scotia, Kanada Halifax
20%
Essen & Trinken Obst, Sammelnussfrucht Hagebutte
18%
Sonstiges Spielzeughersteller (USA) Hasbro
18%
Essen & Trinken Getränkemarke (Fruchtsaft) Hohes C
18%
Weitere Städte Stadt in Indien / Pakistan Hyderabad
18%
Sonstiges US-Technologieunternehmen Hewlett Packard
16%
Geografisches Allerlei Gebirge in Zentralasien Hindukusch
15%
Sonstiges US-amerik. Modemarke Hollister
12%
Weitere Städte Stadt in den Niederlanden Heerenveen
11%
Sonstiges Dt. Hersteller (Elektronik) Hama
8%
Sonstiges Dt. Konzern (Konsumgüter) Henkel
6%
Pflanzen & Tiere Giftige Blume Herbstzeitlose
5%
Keine übereinstimmenden Quizze gefunden
Verteilung der Resultate
Anzahl Personen mit jedem Resultat
Perzentil nach korrekt beantworteten Fragen
Ihre Resultats-Entwicklung
Sie haben dieses Quiz noch nicht gespielt